000 00724nam a2200265Ia 4500
005 20260302114524.0
008 008 260114s9999 xx 000 0 eng d
020 _a9781978726208
037 _aTextbook
040 _aCRL
040 _beng
040 _cCRL
041 _2eng
041 _aeng
084 _qCRL
100 _aRosenberger & Peter-Paul Verbeek
_91119007
245 0 _aPostphenomenological Investigations Essays on Human–Technology Relations
260 _bBloomsbury
260 _bLexington Books
260 _c2015
650 _aPhilosophy
856 _uhttps://doi.org/10.5040/9781978726208?locatt=label:secondary_bloomsburyCollections
942 _cEBOOK
999 _c1682858
_d1682858